Т. 7, № 1; Нанотехнологии: разработка, применение XXI век

التفاصيل البيبلوغرافية
Parent link:Нанотехнологии: разработка, применение XXI век: научно-технический журнал/ ЗАО "Издательство "Радиотехника". Т. 7, № 1.— , 2013-
اللغة:الروسية
منشور في: 2015
التنسيق: MixedMaterials كتاب
KOHA link:https://koha.lib.tpu.ru/cgi-bin/koha/opac-detail.pl?biblionumber=544678

MARC

LEADER 00000nam2a2200000 4500
001 544678
005 20231101115514.0
035 |a (RuTPU)RU\TPU\prd\236464 
090 |a 544678 
100 |a 20150515a20009999k y0rusy50 ca 
101 0 |a rus 
102 |a RU 
200 0 |a Т. 7, № 1 
210 |d 2015 
461 1 |0 (RuTPU)RU\TPU\prd\175349  |t Нанотехнологии: разработка, применение XXI век  |o научно-технический журнал  |f ЗАО "Издательство "Радиотехника"  |v Т. 7, № 1  |d 2013- 
801 0 |a RU  |b 63413507  |c 20010227  |g PSBO 
801 1 |a RU  |b 63413507  |c 20150515 
801 2 |a RU  |b 63413507  |c 20230523  |g RCR 
942 |c BK 
999 |a НТБ_ТПУ  |b НФ  |e -1/20150112  |p П-9483  |s 6/20141120  |u 0,00  |v 1